000 00719nam a2200229 i 4500
001 C2-0263108
003 PPAK
005 20180727231951.0
008 050313s1999 enka|||| ||||| | eng d
020 _a0276424344
040 _aPPAK
_beng
_cPPAK
_erda
082 0 4 _a032.02
_223
090 0 0 _a032.02
_bREA
_dR
245 0 0 _aReader's Digest book of amazing facts:
_ba children's guide to the world
264 1 _aLondon :
_bThe Reader's Digest Association ,
_c1999
300 _a400 pages :
_bcolour illustrations ;
_c28 cm
336 _2rdacontent
_atext
337 _2rdamedia
_aunmediated
338 _2rdacarrier
_avolume
650 1 0 _aEncyclopedias and dictionaries. ; Curiosities and wonders.
942 _ddc
_cB
999 _c73343
_d73343